Building Resource Book of Pakistan (Record no. 353441)
[ view plain ]
| 000 -LEADER | |
|---|---|
| fixed length control field | 00661nam a22002177a 4500 |
| 003 - CONTROL NUMBER IDENTIFIER | |
| control field | OSt |
| 005 - DATE AND TIME OF LATEST TRANSACTION | |
| control field | 20180116192407.0 |
| 008 - FIXED-LENGTH DATA ELEMENTS--GENERAL INFORMATION | |
| fixed length control field | 111220t 2010xxu||||| |||| 00| 0 eng d |
| 040 ## - CATALOGING SOURCE | |
| Transcribing agency | 0 |
| 082 ## - DEWEY DECIMAL CLASSIFICATION NUMBER | |
| Classification number | 720.25 |
| Author Mark | PRE |
| 110 ## - MAIN ENTRY--CORPORATE NAME | |
| Subordinate unit | Prestige Publication |
| 9 (RLIN) | 709 |
| 245 ## - TITLE STATEMENT | |
| Title | Building Resource Book of Pakistan |
| Statement of responsibility, etc. | Prestige Publication |
| Medium | Vol 1 |
| 250 ## - EDITION STATEMENT | |
| Edition statement | 5th |
| 260 ## - PUBLICATION, DISTRIBUTION, ETC. | |
| Place of publication, distribution, etc. | Lahore: |
| Name of publisher, distributor, etc. | Prestige Publication; |
| Date of publication, distribution, etc. | 2010 |
| 300 ## - PHYSICAL DESCRIPTION | |
| Extent | Vol 1. |
| Dimensions | 27 cm. |
| 650 ## - SUBJECT ADDED ENTRY--TOPICAL TERM | |
| Topical term following geographic name entry element | Architecture |
| General subdivision | Directories |
| 9 (RLIN) | 710 |
| 650 ## - SUBJECT ADDED ENTRY--TOPICAL TERM | |
| Topical term following geographic name entry element | Architecture |
| General subdivision | Dairies |
| 9 (RLIN) | 711 |
| 710 ## - ADDED ENTRY--CORPORATE NAME | |
| Subordinate unit | Prestige Publication |
| 9 (RLIN) | 712 |
| 942 ## - ADDED ENTRY ELEMENTS (KOHA) | |
| Source of classification or shelving scheme | |
| Koha item type | Reference |
| Withdrawn status | Lost status | Source of classification or shelving scheme | Damaged status | Not for loan | Permanent Location | Current Location | Date acquired | Total Checkouts | Full call number | Barcode | Date last seen | Cost, replacement price | Price effective from | Koha item type |
|---|---|---|---|---|---|---|---|---|---|---|---|---|---|---|
| School of Art Design and Architecture (SADA) | School of Art Design and Architecture (SADA) | 12/20/2011 | REF 720.25 PRE 2010 | SADA0001624 | 12/20/2011 | 1500.00 | 12/20/2011 | Reference |
